Une française en Argentine. Portrait de Ciolkowski
Αποθηκεύτηκε σε:
| Κύριος συγγραφέας: | |
|---|---|
| Μορφή: | Βιβλίο |
| Γλώσσα: | Γαλλικά |
| Έκδοση: |
París
Georges Crés & Cie., éditeurs, 116, Boulevard Saint Germain
1914
|
| Έκδοση: | 1a. ed |
| Σειρά: | Varia, 2
|
| Θέματα: | |
| Ετικέτες: |
Προσθήκη ετικέτας
Δεν υπάρχουν, Καταχωρήστε ετικέτα πρώτοι!
|
MARC
| LEADER | 00000nam a2200000 a 4500 | ||
|---|---|---|---|
| 001 | UCJ4988 | ||
| 003 | CL-VaPUC | ||
| 008 | 070124e19140000FR |||||||||||||||||fre|d | ||
| 082 | 0 | 4 | |a 910.4 |b MOR |2 21 |
| 100 | |a Moreno, Marguerite |e autora |9 509616 | ||
| 245 | 1 | 4 | |a Une française en Argentine. Portrait de Ciolkowski |
| 250 | |a 1a. ed | ||
| 300 | |a 215 p | ||
| 942 | |c BK | ||
| 945 | |d 20070124 00:00:00 |a rinostro | ||
| 260 | |a París |b Georges Crés & Cie., éditeurs, 116, Boulevard Saint Germain |c 1914 | ||
| 500 | |a Front., retrato de la autora | ||
| 500 | |a Préface de Yvonne Sarcey | ||
| 650 | 0 | |a Viajes |9 257115 | |
| 650 | 0 | |a Diarios |9 420844 | |
| 650 | 0 | |a Desarrollo cultural |9 267526 | |
| 650 | 0 | |a Vida social |9 337244 | |
| 650 | 0 | |a Iconografía |9 267998 | |
| 651 | 0 | |a Argentina |9 254888 | |
| 583 | |a last modification |c 20070124 00:00:00 |k Rodrigo Vera | ||
| 490 | 0 | |a Varia, 2 | |
| 999 | |c 321102 |d 321100 | ||
| 952 | |0 0 |1 0 |4 0 |6 910_400000000000000_MOR_1914 |7 0 |8 X |9 399768 |a FDOBUD |b FDOBUD |d 2019-11-22 |i 1028650 |o 910.4 MOR 1914 |p 1028650 |r 2019-11-22 |w 2019-11-22 |y BK_X |k BUD | ||